| 000 | 00482cam a22001454a 4500 | ||
|---|---|---|---|
| 020 | _a2845862377 | ||
| 040 | _cDLC | ||
| 082 | _a320 KAR 2001 A073 Or. | ||
| 245 | 0 | 4 |
_aLes espoirs fragiles de la nouvelle coopération européenne : _bpour un dialogue entre sociétés civiles et Etats : actes ... / |
| 260 |
_aParis : _bKarthala, _c2001. |
||
| 300 |
_a356 p. ; _c22 cm. |
||
| 650 | 0 | _aCivil society | |
| 710 | 2 | _aHaut Conseil de la coopération internationale (France). | |
| 942 | _cEK | ||
| 999 |
_c15053 _d15053 |
||